| 000 | 00663nam a22002177a 4500 | ||
|---|---|---|---|
| 999 |
_c16712 _d16712 |
||
| 003 | AR-CdUCM | ||
| 008 | 190504b ||||| |||| 00| 0 spa d | ||
| 040 |
_aMUNICIPALIDAD PROVINCIAL DEL CUSCO _cBIBLIOTECA MUNICIPAL DEL CUSCO |
||
| 082 |
_a186 / _bG22 / 1948 |
||
| 100 |
_aGarcia Bacca, Juan David _916361 |
||
| 245 | _aIntroducción general a las enéadas / | ||
| 260 |
_aBuenos Aires : _bLosada, _c1948. |
||
| 300 |
_a161 paginas ; _c20 cm. |
||
| 500 | _aEneadas | ||
| 505 | _aContenido: Historias de la eneada | ||
| 650 |
_aEnéadas _936309 |
||
| 650 |
_aLiteratura _983 |
||
| 650 |
_aHistoria _9136 |
||
| 942 |
_2ddc _cLIBROS |
||
| 945 |
_apjha _d2019-05-04 |
||